A Belvedere Meridionale Alapítvány hírei

Elmentve itt :
Bibliográfiai részletek
Dokumentumtípus: Cikk
Megjelent: Belvedere Meridionale Szeged 2001
Sorozat:Belvedere Meridionale 13 No. 3-4
Kulcsszavak:Belvedere Meridionale Alapítvány - hírek
Tárgyszavak:
Online Access:http://acta.bibl.u-szeged.hu/4817
LEADER 00674nab a2200181 i 4500
001 acta4817
005 20250731132556.0
008 161015s2001 hu o 000 hun d
040 |a SZTE Egyetemi Kiadványok Repozitórium  |b hun 
041 |a hun 
245 0 2 |a A Belvedere Meridionale Alapítvány hírei  |h [elektronikus dokumentum] 
260 |a Belvedere Meridionale  |b Szeged  |c 2001 
300 |a 32 
490 0 |a Belvedere Meridionale  |v 13 No. 3-4 
650 4 |a Bölcsészettudományok 
650 4 |a Történettudomány és régészet 
695 |a Belvedere Meridionale Alapítvány - hírek 
856 4 0 |u http://acta.bibl.u-szeged.hu/4817/1/belvedere_2001_003_004_032.pdf  |z Dokumentum-elérés